000 00549aam a2200217 4500
005 20170110100854.0
008 150406b xxu||||| |||| 00| 0 spa d
041 _aES
082 _a380.972.86
_bC8374c
100 _aCosta Rica. Leyes, decretos, etc.
_91
245 _aCódigo de comercio
260 _aCosta Rica
260 _bEditec Editores
260 _c2003
300 _a272 páginas
500 _aLa biblioteca contiene 9 ed. 2004
650 _aCOSTA RICA
_935891
650 _aCOMERCIO
_93
650 _aLEGISLACION
_94
942 _cBK
999 _c1073
_d1073